macromedia® Using Flash FLASH™5 (E-Book) (Record no. 191062)
[ view plain ]
| 000 -LEADER | |
|---|---|
| fixed length control field | 00786 a2200145 4500 |
| 003 - CONTROL NUMBER IDENTIFIER | |
| control field | Nust |
| 005 - DATE AND TIME OF LATEST TRANSACTION | |
| control field | 20170207154008.0 |
| 040 ## - CATALOGING SOURCE | |
| Transcribing agency | Nust |
| 100 ## - MAIN ENTRY--PERSONAL NAME | |
| Personal name | Jody Bleyle, Mary Burger, Louis Dobrozensky, Stephanie Gowin, Marcelle Taylor, and Judy Walthers Von Alten |
| 245 ## - TITLE STATEMENT | |
| Title | macromedia® Using Flash FLASH™5 (E-Book) |
| Statement of responsibility, etc. | Jody Bleyle, Mary Burger, Louis Dobrozensky, Stephanie Gowin, Marcelle Taylor, and Judy Walthers Von Alten |
| 250 ## - EDITION STATEMENT | |
| Edition statement | First Edition |
| 260 ## - PUBLICATION, DISTRIBUTION, ETC. | |
| Name of publisher, distributor, etc. | © 2000 |
| 300 ## - PHYSICAL DESCRIPTION | |
| Extent | 380 P; |
| 505 ## - FORMATTED CONTENTS NOTE | |
| Formatted contents note | Tutorial - Flash Basics - Drawing - Working With Color - Using Imported Artwork - Adding Sound - Working With Objects - Using Layers - Using Type - Using Symbols And Instances - Creating Animation - Creating Interactive Movies - Creating Printable Movies - Publishing And Exporting |
| 651 ## - SUBJECT ADDED ENTRY--GEOGRAPHIC NAME | |
| Geographic name | (E-Book) |
| Withdrawn status | Lost status | Source of classification or shelving scheme | Damaged status | Not for loan | Collection code | Current Location | Date acquired | Total Checkouts | Barcode | Date last seen | Price effective from | Koha item type |
|---|---|---|---|---|---|---|---|---|---|---|---|---|
| Military College of Signals (MCS) | 12/12/2016 | MCSEB-303 | 12/08/2016 | 12/12/2016 | Book |
